000 00806nam a2200241Ia 4500
003 OSt
005 20220925195219.0
006 a|||||r|||| 00| 0
007 ta
008 220923b |||||||| |||| 00| 0 eng d
020 _a1845423208
_c5311.5600000000004
037 _b3136, 15/02/2008, RAJKIRAN BOOK AGENCY
_cGeneral Book
040 _aRTL
_cRTL
_beng
041 _2eng
_aeng
082 _aX:77.1.P, P6
100 _aSalvadori neri Ed.
_9253804
245 0 _aEconomic Growth & distribution
_bON the nature and causes of the wealth of nations
260 _acheltenham
_bEdward Elgar
_c2006
300 _axviii,427 P
_ccm.
650 _aCommerce
942 _hX:77.1.P, P6
_cGB
_2CC
999 _c532226
_d532226